Glosario de Conceptos Políticos Usuales (Registro nro. 162575)
[ vista simple ]
| 000 -LEADER | |
|---|---|
| fixed length control field | 00968nam a22002417a 4500 |
| 007 - PHYSICAL DESCRIPTION FIXED FIELD--GENERAL INFORMATION | |
| fixed length control field | cr|||| |||| |
| 008 - FIXED-LENGTH DATA ELEMENTS--GENERAL INFORMATION | |
| fixed length control field | 130426e2013 sp |||||s|||| 00||0 spa d |
| 020 ## - INTERNATIONAL STANDARD BOOK NUMBER | |
| International Standard Book Number | 9783 8465 6648 0 |
| 035 ## - | |
| -- | 11045 |
| 040 ## - CATALOGING SOURCE | |
| Original cataloging agency | vLex |
| 090 ## - | |
| -- | 4205 |
| -- | 4205 |
| 100 10 - MAIN ENTRY--PERSONAL NAME | |
| Personal name | Arnoletto, Eduardo Jorge |
| 245 10 - TITLE STATEMENT | |
| Title | Glosario de Conceptos Políticos Usuales |
| Statement of responsibility, etc | / Eduardo Jorge Arnoletto |
| Medium | [Recurso electrónico] |
| 256 ## - | |
| -- | Servicio en línea |
| 260 ## - PUBLICATION, DISTRIBUTION, ETC. (IMPRINT) | |
| Place of publication, distribution, etc | Barcelona : |
| Name of publisher, distributor, etc | Editorial vLex, |
| Date of publication, distribution, etc | 2013 |
| 300 ## - PHYSICAL DESCRIPTION | |
| Extent | 1 Recurso electrónico |
| 506 ## - RESTRICTIONS ON ACCESS NOTE | |
| Authorized users | vLex Global |
| -- | vLex Global (Academic Edition, excluding Law Schools) |
| -- | vLex Global (U.S. Academic Edition, Law Schools) |
| -- | vLex Global (U.S. Academic Edition, excluding Law Schools) |
| -- | vLex Global (Academic Edition, Law Schools) |
| 650 04 - SUBJECT ADDED ENTRY--TOPICAL TERM | |
| Topical term or geographic name as entry element | Ciencia política |
| Form subdivision | Diccionario |
| 740 ## - | |
| -- | vLex Libros (Servicio en línea) |
| 856 ## - LOCALIZACIÓN Y ACCESO ELECTRÓNICO | |
| Host name | Acceso restringido |
| Identificador Uniforme del Recurso (URI/URL) | http://www.vlex.com/source/11045 |
| 942 ## - | |
| -- | RAA |
| 999 ## - | |
| -- | 162575 |
| -- | 162575 |
No hay ítems disponibles.